000 00715cam a22002413a 4500
001 18010
003 PGUSA
005 20140828083401.0
008 060318s2006||||xxu|||||s|||||000 1 eng d
040 _aPGUSA
_beng
042 _adc
050 4 _aPS
100 1 _aOgilvy, Maud
245 1 0 _aMarie Gourdon :
_bA Romance of the Lower St. Lawrence
_h[electronic resource] /
_cMaud Ogilvy
260 _bProject Gutenberg,
_c2006
506 _aPublic domain in the USA.
516 _aElectronic text
653 _aSaint Lawrence River Region -- Fiction
653 _aScots -- Québec (Province) -- Fiction
830 0 _aProject Gutenberg
_v18010
856 4 0 _uhttp://www.gutenberg.org/ebooks/18010
942 _cEB
999 _c247265
_d247265